[Event "Edmonton ch"]
[Site "Edmonton CAN"]
[Date "2010.01.14"]
[Round "1.2"]
[White "Zegstroo, Martin"]
[Black "Gardner, Sherri"]
[Result "0-1"]
[WhiteElo "1864"]
[BlackElo "2320"]
[PlyCount "52"]
[EventDate "2010.01.07"]
[EventType "k.o."]
[EventRounds "8"]
[EventCountry "CAN"]

1. e4 d6 2. Nf3 g6 3. g3 Bg7 4. Bg2 c5 5. O-O Nc6 6. d3 b5 7. Nbd2 Bb7 8. a4 b4
9. Rb1 e5 10. Ne1 Nge7 11. f4 exf4 12. gxf4 Qd7 13. e5 dxe5 14. Ne4 f5 15. Ng5
h6 16. Nh3 e4 17. Be3 Bd4 18. Bxd4 Qxd4+ 19. Kh1 O-O-O 20. Qe2 exd3 21. Nxd3
Rhe8 22. Qe6+ Kb8 23. Rbd1 Nd5 24. Qxg6 Rg8 25. Qe6 Rxg2 26. Kxg2 Ne3+ 0-1

[Event "Edmonton ch"]
[Site "Edmonton CAN"]
[Date "2010.01.21"]
[Round "2.1"]
[White "Gardner, Sherri"]
[Black "Stark, Rainer"]
[Result "1-0"]
[WhiteElo "2320"]
[BlackElo "2008"]
[PlyCount "81"]
[EventDate "2010.01.07"]
[EventType "k.o."]
[EventRounds "8"]
[EventCountry "CAN"]

1. d4 d5 2. e3 Nf6 3. Bd3 g6 4. Nf3 Bg7 5. O-O O-O 6. Ne5 c5 7. c3 Nbd7 8. f4
Qc7 9. Nd2 Ne8 10. Ndf3 f6 11. Nxd7 Bxd7 12. b3 Bg4 13. h3 Bxf3 14. Rxf3 f5 15.
Ba3 c4 16. bxc4 dxc4 17. Be2 Nd6 18. Qa4 Rfc8 19. g4 a6 20. Qc2 Ne4 21. gxf5
gxf5 22. Kh2 e6 23. Rg1 Kh8 24. Rff1 Bh6 25. Bf3 Bxf4+ 26. exf4 Qxf4+ 27. Kh1
Ng3+ 28. Rxg3 Qxg3 29. Qg2 Qxg2+ 30. Kxg2 Rg8+ 31. Kf2 h6 32. Bxb7 Rab8 33. Bc6
Rb6 34. d5 e5 35. Bd6 Rb2+ 36. Kf3 e4+ 37. Kf4 Rg5 38. Be7 Rh5 39. h4 Rg2 40.
Be8 Rg4+ 41. Ke5 1-0

[Event "Edmonton ch"]
[Site "Edmonton CAN"]
[Date "2010.01.21"]
[Round "2.1"]
[White "Hugo, D."]
[Black "Rekic, Elvis"]
[Result "1/2-1/2"]
[WhiteElo "2218"]
[BlackElo "2210"]
[PlyCount "38"]
[EventDate "2010.01.07"]
[EventType "k.o."]
[EventRounds "8"]
[EventCountry "CAN"]

1. d4 e6 2. e4 d5 3. Be3 dxe4 4. Nd2 Nf6 5. f3 Nd5 6. Qe2 exf3 7. Ngxf3 Be7 8.
O-O-O O-O 9. g4 b6 10. Bg2 Bb7 11. h4 Nxe3 12. Qxe3 c5 13. Ne4 c4 14. Ne5 Qc7
15. g5 Nc6 16. Qg3 Rad8 17. Nxc6 Bd6 18. Nxd6 Bxc6 19. Bxc6 Qxc6 1/2-1/2

[Event "Edmonton ch"]
[Site "Edmonton CAN"]
[Date "2010.01.21"]
[Round "2.1"]
[White "Willis, F."]
[Black "Pecher, Markus"]
[Result "1/2-1/2"]
[WhiteElo "2053"]
[BlackElo "2380"]
[PlyCount "128"]
[EventDate "2010.01.07"]
[EventType "k.o."]
[EventRounds "8"]
[EventCountry "CAN"]

1. e4 Nf6 2. Nc3 d5 3. e5 Nfd7 4. d4 c5 5. dxc5 e6 6. f4 Bxc5 7. Qg4 O-O 8. Nf3
d4 9. Ne4 f5 10. exf6 Nxf6 11. Nxf6+ Qxf6 12. Bd3 Bb4+ 13. Bd2 Bxd2+ 14. Nxd2
Qxf4 15. Qh5 Qh6 16. Qxh6 gxh6 17. Rf1 Rxf1+ 18. Kxf1 Nc6 19. Re1 Bd7 20. Nf3
Rf8 21. Kg1 Rf4 22. Be4 Kg7 23. g3 Rf6 24. Rd1 e5 25. Bxc6 bxc6 26. Nxe5 Bh3
27. Nd3 c5 28. Nf4 Bg4 29. Re1 Kf7 30. Nd3 Bf5 31. b3 Bxd3 32. cxd3 Ra6 33. Re2
Kf6 34. Kf2 Ra3 35. Kf3 a5 36. Rc2 a4 37. Rxc5 axb3 38. axb3 Rxb3 39. Ke4 Rb2
40. h4 Re2+ 41. Kxd4 Rg2 42. Rc6+ Kg7 43. Rc7+ Kg8 44. Re7 Rxg3 45. Re4 Kf7 46.
Kc4 h5 47. d4 Rg4 48. Kd5 Rxe4 49. Kxe4 Ke6 50. d5+ Kd6 51. Kd4 Kd7 52. Ke5 Ke7
53. d6+ Kd7 54. Kd5 Ke8 55. Ke6 Kd8 56. Kf5 Kd7 57. Ke5 Ke8 58. Kd5 Kd7 59. Kc5
Kc8 60. Kd5 Kd7 61. Ke5 Ke8 62. Ke6 Kd8 63. d7 h6 64. Kf6 Kxd7 1/2-1/2

[Event "Edmonton ch reserves"]
[Site "Edmonton CAN"]
[Date "2010.01.07"]
[Round "1"]
[White "Houteer, Claude"]
[Black "Thomas, Fabien"]
[Result "0-1"]
[WhiteElo "1701"]
[BlackElo "1613"]
[PlyCount "38"]
[EventDate "2010.01.07"]
[EventType "swiss"]
[EventCountry "CAN"]

1. c4 c5 2. Nf3 Nc6 3. d4 cxd4 4. Nxd4 g6 5. e4 Bg7 6. Nc2 d6 7. Nc3 Nf6 8. Be2
Bd7 9. O-O O-O 10. Be3 Rc8 11. Rb1 a6 12. f4 Na5 13. Na3 Be6 14. Nd5 Nxe4 15.
b4 Nc6 16. Bb6 Qd7 17. Qd3 Bf5 18. g4 Nc5 19. Qe3 Bd4 0-1

[Event "Edmonton ch reserves"]
[Site "Edmonton CAN"]
[Date "2010.01.07"]
[Round "1"]
[White "McKay, Geoff"]
[Black "Holness, Mark"]
[Result "1-0"]
[WhiteElo "1920"]
[BlackElo "1674"]
[PlyCount "77"]
[EventDate "2010.01.07"]
[EventType "swiss"]
[EventCountry "CAN"]

1. d4 Nf6 2. Nf3 g6 3. Bg5 Bg7 4. c3 d6 5. h3 Nbd7 6. Nbd2 c5 7. e3 a6 8. a4 d5
9. Bd3 c4 10. Bc2 Qc7 11. Bf4 Qb6 12. Qb1 Nh5 13. Bh2 O-O 14. e4 e6 15. e5 Bh8
16. g4 Ng7 17. g5 Nf5 18. Nf1 Qd8 19. h4 Rb8 20. Ng3 Ra8 21. Ne2 Nb8 22. Bf4
Nc6 23. Kd2 Bd7 24. Qg1 b5 25. Qh2 Ng7 26. Ng3 Nh5 27. Nxh5 gxh5 28. Qg2 Qe7
29. Be3 bxa4 30. Rhg1 Rab8 31. Kc1 Na5 32. Bxh7+ Kg7 33. Nd2 Be8 34. Bb1 Qa7
35. Ra2 a3 36. Qf3 axb2+ 37. Kd1 Nc6 38. Qxh5 Ne7 39. Qh7# 1-0

[Event "Edmonton ch reserves"]
[Site "Edmonton CAN"]
[Date "2010.01.07"]
[Round "1"]
[White "Newton, Paul"]
[Black "Spoone, John Paul"]
[Result "1-0"]
[WhiteElo "1944"]
[BlackElo "1655"]
[PlyCount "107"]
[EventDate "2010.01.07"]
[EventType "swiss"]
[EventCountry "CAN"]

1. d4 d6 2. c4 g6 3. Nc3 Bg7 4. e4 e6 5. Nf3 h6 6. Be3 b6 7. Bd3 a6 8. Rc1 Nf6
9. h3 Bb7 10. Qd2 Nbd7 11. O-O Qe7 12. Rfe1 Rd8 13. d5 e5 14. b4 Bc8 15. Na4 g5
16. c5 b5 17. cxd6 Qxd6 18. Nc5 O-O 19. Nxd7 Nxd7 20. Rc6 Qe7 21. Rxc7 Qe8 22.
Qc2 Nf6 23. Bc5 Nh5 24. Bxf8 Bxf8 25. Rc1 Bd7 26. a3 g4 27. hxg4 Bxg4 28. Nh2
Bd7 29. Be2 Nf4 30. Bg4 h5 31. Bxd7 Rxd7 32. Rxd7 Qxd7 33. Qc7 Qe8 34. Rc6 Ne2+
35. Kf1 Nd4 36. Rb6 f5 37. Rb7 Qg6 38. Qxe5 Bg7 39. Rb8+ Kh7 40. Qe8 fxe4 41.
Qxg6+ Kxg6 42. Rb6+ Kf5 43. d6 Ke6 44. Rxa6 Be5 45. Kg1 Bxd6 46. Nf1 Ne2+ 47.
Kh1 Ke7 48. Ne3 Be5 49. Rh6 Bf4 50. Nd5+ Kf7 51. Rf6+ Kg7 52. Rxf4 Nxf4 53.
Nxf4 Kh6 54. Ne6 1-0

[Event "Edmonton ch reserves"]
[Site "Edmonton CAN"]
[Date "2010.01.14"]
[Round "2"]
[White "Haas, Viktor"]
[Black "MacLeod, Nicholas"]
[Result "0-1"]
[WhiteElo "1526"]
[BlackElo "1878"]
[PlyCount "90"]
[EventDate "2010.01.07"]
[EventType "swiss"]
[EventCountry "CAN"]

1. e4 c5 2. Nf3 d6 3. d4 cxd4 4. Nxd4 Nf6 5. Nc3 a6 6. Bd3 e5 7. Nde2 d5 8.
exd5 Nxd5 9. O-O Nc6 10. Nxd5 Qxd5 11. Bg5 e4 12. Bxe4 Qxg5 13. Re1 Be7 14.
Bxc6+ bxc6 15. Nd4 Bb7 16. Nf3 Qf6 17. Qe2 c5 18. Rad1 Bxf3 19. gxf3 Ra7 20.
Kh1 O-O 21. Rg1 Qxb2 22. Rg3 Bf6 23. Rdg1 Raa8 24. Rh3 Qd4 25. Rg4 Rfe8 26. Qf1
Qa1 27. Qxa1 Bxa1 28. Rgh4 Re1+ 29. Kg2 h6 30. Rg3 Kh7 31. Rf4 Be5 32. Rxf7
Bxg3 33. fxg3 Re2+ 34. Kh3 Rxc2 35. f4 Kg6 36. Rc7 Re8 37. Rc6+ Kf5 38. Rc7
Ree2 39. Rf7+ Kg6 40. Rd7 Rxh2+ 41. Kg4 h5+ 42. Kf3 Rhf2+ 43. Ke4 Rce2+ 44. Kd5
Rd2+ 45. Kc6 Rxd7 0-1

[Event "Edmonton ch reserves"]
[Site "Edmonton CAN"]
[Date "2010.01.14"]
[Round "2"]
[White "Holness, Mark"]
[Black "Kassebaum, Roman"]
[Result "1-0"]
[WhiteElo "1674"]
[BlackElo "1532"]
[PlyCount "71"]
[EventDate "2010.01.07"]
[EventType "swiss"]
[EventCountry "CAN"]

1. e4 e5 2. Nf3 Nc6 3. Bc4 Bc5 4. a3 Nf6 5. d3 h6 6. O-O O-O 7. b4 Bb6 8. Bb2
d6 9. h3 Be6 10. Bxe6 fxe6 11. Nc3 a6 12. Ne2 Qe7 13. Ng3 Rad8 14. d4 exd4 15.
Nxd4 Nxd4 16. Bxd4 Bxd4 17. Qxd4 Nd7 18. f4 c5 19. Qb2 b5 20. Rad1 c4 21. Qd4
Nf6 22. Qb6 d5 23. e5 Nd7 24. Qe3 Rb8 25. Rde1 Nb6 26. f5 Nd7 27. Qd4 Rbe8 28.
Qg4 Kh8 29. h4 Qf7 30. Nh5 exf5 31. Rxf5 Qg8 32. Rxf8 Nxf8 33. Nf4 Qf7 34. e6
Qf6 35. Kh1 Qd4 36. Ng6+ 1-0

[Event "Edmonton ch reserves"]
[Site "Edmonton CAN"]
[Date "2010.01.14"]
[Round "2"]
[White "Kalisz, S."]
[Black "Virkud, Apurva"]
[Result "1-0"]
[WhiteElo "2146"]
[BlackElo "1426"]
[PlyCount "39"]
[EventDate "2010.01.07"]
[EventType "swiss"]
[EventCountry "CAN"]

1. d4 Nf6 2. Bg5 e6 3. e4 Be7 4. Nc3 O-O 5. e5 Nd5 6. Bxe7 Nxe7 7. Bd3 d6 8.
Nf3 Nbc6 9. O-O dxe5 10. dxe5 Re8 11. Qe2 Nd5 12. Rad1 Nxc3 13. bxc3 Qe7 14.
Qe3 Qa3 15. c4 Qa5 16. Qe4 g6 17. Qf4 Nb4 18. Qh6 Qa4 19. Ng5 Qd7 20. Ne4 1-0

[Event "Edmonton ch reserves"]
[Site "Edmonton CAN"]
[Date "2010.01.14"]
[Round "2"]
[White "Scheck, Gero"]
[Black "McKay, Geoff"]
[Result "0-1"]
[WhiteElo "1677"]
[BlackElo "1920"]
[PlyCount "74"]
[EventDate "2010.01.07"]
[EventType "swiss"]
[EventCountry "CAN"]

1. e4 c5 2. Nf3 d6 3. d4 cxd4 4. Qxd4 Nc6 5. Bb5 Bd7 6. Bxc6 bxc6 7. Nc3 e5 8.
Qd3 Be7 9. h4 h6 10. b3 Nf6 11. Bb2 O-O 12. O-O-O Qc7 13. Kb1 Be6 14. Ne2 Ng4
15. Rdf1 Qb6 16. Nfd4 exd4 17. Nxd4 c5 18. Nxe6 fxe6 19. Qg3 Nf6 20. f4 Rf7 21.
Qf3 Qb7 22. Re1 h5 23. g4 Nxg4 24. Qg3 Raf8 25. Rhf1 e5 26. f5 Rb8 27. Re2 a5
28. c4 Rff8 29. Rd1 Ra8 30. Rd3 a4 31. Qf3 Ra6 32. Rg2 axb3 33. Rxb3 Rb6 34.
Kc2 Rxb3 35. axb3 Rxf5 36. Qe2 Rf4 37. Rxg4 Rxg4 0-1

[Event "Edmonton ch reserves"]
[Site "Edmonton CAN"]
[Date "2010.01.14"]
[Round "2"]
[White "Schweizer, Marina"]
[Black "Houteer, Claude"]
[Result "1-0"]
[WhiteElo "1627"]
[BlackElo "1701"]
[PlyCount "89"]
[EventDate "2010.01.07"]
[EventType "swiss"]
[EventCountry "CAN"]

1. e4 d6 2. Nf3 Nf6 3. Nc3 g6 4. Bc4 Bg7 5. O-O O-O 6. h3 e5 7. Re1 Nc6 8. d3
h6 9. d4 exd4 10. Nxd4 Nxd4 11. Qxd4 Nh5 12. Qe3 Kh7 13. Qf3 Be6 14. Be2 f5 15.
exf5 Bxf5 16. Qd5 Qf6 17. Be3 Rae8 18. Rf1 Ng3 19. fxg3 Rxe3 20. g4 c6 21. Qd2
Qe5 22. gxf5 gxf5 23. Bf3 Qc5 24. Kh1 f4 25. Ne4 Qe5 26. c3 d5 27. Nf2 h5 28.
Rae1 Rg8 29. Nd3 Rxe1 30. Rxe1 Qg5 31. Qxf4 Qxf4 32. Nxf4 h4 33. Kg1 Kh6 34.
Kf2 b6 35. Re6+ Kg5 36. Ne2 c5 37. Bxd5 Rd8 38. Bf3 Rd2 39. Re7 Bxc3 40. bxc3
Rxa2 41. c4 a5 42. Rb7 Rb2 43. Bc6 Rb4 44. Bb5 Rb2 45. Rxb6 1-0

[Event "Edmonton ch reserves"]
[Site "Edmonton CAN"]
[Date "2010.01.13"]
[Round "2"]
[White "Seekircher, Dieter"]
[Black "Newton, Paul"]
[Result "0-1"]
[WhiteElo "1944"]
[BlackElo "1693"]
[PlyCount "60"]
[EventDate "2010.01.07"]
[EventType "swiss"]
[EventCountry "CAN"]

1. e4 c5 2. d4 cxd4 3. c3 Nf6 4. e5 Nd5 5. Nf3 e6 6. cxd4 b6 7. Nc3 Nxc3 8.
bxc3 Bb7 9. Bd3 Qc7 10. Bb2 d6 11. O-O Nd7 12. Qe2 dxe5 13. Nxe5 Nxe5 14. dxe5
Bc5 15. Qh5 O-O-O 16. Rad1 g6 17. Qg5 h6 18. Qf6 Qc6 19. Qf3 Qxf3 20. gxf3 Bxf3
21. Ba6+ Kc7 22. Rxd8 Rxd8 23. Bc1 g5 24. Re1 Bd5 25. a3 Bc6 26. h4 gxh4 27.
Bxh6 Rg8+ 28. Kf1 h3 29. Ke2 h2 30. f3 Rg1 0-1

[Event "Edmonton ch reserves"]
[Site "Edmonton CAN"]
[Date "2010.01.14"]
[Round "2"]
[White "Spoone, John Paul"]
[Black "Pavlicek, Ivan"]
[Result "1-0"]
[WhiteElo "1665"]
[BlackElo "1315"]
[PlyCount "99"]
[EventDate "2010.01.07"]
[EventType "swiss"]
[EventCountry "CAN"]

1. f4 d5 2. Nf3 Nc6 3. d4 Nf6 4. c3 Bf5 5. e3 g6 6. Bb5 Bg7 7. Ne5 Bd7 8. Nxd7
Qxd7 9. O-O a6 10. Ba4 O-O 11. Nd2 e6 12. Nf3 Ne4 13. Ne5 Qd6 14. Bc2 Nxe5 15.
fxe5 Qb6 16. Bxe4 dxe4 17. Qg4 Qc6 18. Rf4 f5 19. exf6 Rxf6 20. Rxe4 Qb5 21. h3
e5 22. dxe5 Rf1+ 23. Kh2 Bxe5+ 24. Rf4 Bxf4+ 25. exf4 Re8 26. b4 Ree1 27. Qc8+
Kg7 28. Qxc7+ Kh6 29. f5+ Rxc1 30. Rxc1 Rxc1 31. Qf4+ Kg7 32. f6+ Kf7 33. Qxc1
Qe5+ 34. Kg1 Qxf6 35. Qf1 Qxf1+ 36. Kxf1 Ke6 37. Ke2 Kd6 38. Kd3 b6 39. a4 Kd5
40. c4+ Ke5 41. g3 h5 42. h4 b5 43. cxb5 axb5 44. a5 Kd5 45. a6 Kc6 46. a7 Kb7
47. a8=Q+ Kxa8 48. Kd4 Kb7 49. Ke5 Kc6 50. Ke6 1-0

[Event "Edmonton ch reserves"]
[Site "Edmonton CAN"]
[Date "2010.01.14"]
[Round "2"]
[White "Thomas, Fabien"]
[Black "Mackie, DJ."]
[Result "0-1"]
[WhiteElo "1613"]
[BlackElo "1760"]
[PlyCount "76"]
[EventDate "2010.01.07"]
[EventType "swiss"]
[EventCountry "CAN"]

1. d4 Nf6 2. c4 e6 3. Nc3 Bb4 4. Bg5 h6 5. Bh4 O-O 6. Nf3 d5 7. e3 c6 8. Qb3
Be7 9. Bd3 Nbd7 10. O-O Qc7 11. Bg3 Bd6 12. c5 Bxg3 13. fxg3 e5 14. Bf5 Nxc5
15. Qc2 Bxf5 16. Qxf5 exd4 17. exd4 Ne6 18. Rac1 Qb6 19. Qd3 Rae8 20. Rfe1 Re7
21. Rc2 Rfe8 22. Rce2 Kf8 23. Kf1 Qb4 24. b3 Kg8 25. Kg1 Nd7 26. Nh4 Ng5 27.
Rxe7 Rxe7 28. Rf1 Ne4 29. Nxe4 Rxe4 30. Nf3 Nf8 31. Rd1 Ne6 32. Rd2 f6 33. Rd1
g6 34. Kf2 Kg7 35. Kg1 Kf7 36. Kf2 Nc7 37. Qc2 Nb5 38. Rd3 Nxd4 0-1

[Event "Edmonton int."]
[Site "Edmonton CAN"]
[Date "2010.07.28"]
[Round "1"]
[White "Pechenkin, Vladimir"]
[Black "Panchanathan, Magesh"]
[Result "0-1"]
[WhiteElo "2345"]
[BlackElo "2533"]
[PlyCount "42"]
[EventDate "2010.07.28"]
[EventType "tourn"]
[EventRounds "9"]
[EventCountry "CAN"]

1. c4 Nf6 2. g3 e6 3. Bg2 d5 4. d4 dxc4 5. Qa4+ Nbd7 6. Nc3 a6 7. e4 c5 8. d5
exd5 9. exd5 Bd6 10. Qxc4 O-O 11. Qh4 Ne5 12. Bg5 Re8 13. O-O-O Ng6 14. Bxf6
Nxh4 15. Bxd8 Nxg2 16. Bg5 Bg4 17. f3 Bf5 18. g4 Bg6 19. h4 h6 20. h5 Bh7 21.
Bd2 Nf4 0-1

[Event "Edmonton int."]
[Site "Edmonton CAN"]
[Date "2010.07.29"]
[Round "2"]
[White "Gardner, Robert"]
[Black "Langer, Mikhail"]
[Result "1/2-1/2"]
[WhiteElo "2151"]
[BlackElo "2280"]
[PlyCount "56"]
[EventDate "2010.07.28"]
[EventType "tourn"]
[EventRounds "9"]
[EventCountry "CAN"]

1. d4 Nf6 2. c4 c5 3. d5 e6 4. Nc3 exd5 5. cxd5 d6 6. e4 g6 7. Nf3 a6 8. a4 Bg4
9. Be2 Bxf3 10. Bxf3 Bg7 11. O-O O-O 12. Re1 Nbd7 13. Be2 Re8 14. Bf1 Rb8 15.
a5 Qc7 16. Ra4 c4 17. f3 b5 18. axb6 Nxb6 19. Rxa6 Nfd7 20. Be3 Nc5 21. Ra2 Nb3
22. Nb5 Qd7 23. Na3 Qa4 24. Qb1 Qb4 25. Nc2 Qb5 26. Na3 Qb4 27. Nc2 Qb5 28. Na3
Qb4 1/2-1/2

[Event "Edmonton int."]
[Site "Edmonton CAN"]
[Date "2010.07.29"]
[Round "2"]
[White "Kraai, Jesse"]
[Black "Haessel, Dale"]
[Result "1-0"]
[WhiteElo "2502"]
[BlackElo "2243"]
[PlyCount "75"]
[EventDate "2010.07.28"]
[EventType "tourn"]
[EventRounds "9"]
[EventCountry "CAN"]

1. c4 c5 2. Nc3 Nf6 3. g3 d5 4. cxd5 Nxd5 5. Bg2 Nc7 6. d3 e5 7. Be3 Be7 8. Ne4
Nd5 9. Bxc5 Bxc5 10. Nxc5 Nc6 11. Qd2 O-O 12. Nf3 b6 13. Nb3 Be6 14. O-O f6 15.
Rfc1 Rc8 16. Qd1 Qe7 17. Nbd2 Rc7 18. a3 Qd7 19. Rc2 Rfc8 20. Rac1 Nde7 21. Qf1
g5 22. e3 Kg7 23. Ne1 Na5 24. Qe2 Rxc2 25. Rxc2 Nb3 26. Nxb3 Bxb3 27. Rc3 Bd5
28. Qc2 Bxg2 29. Nxg2 f5 30. f4 exf4 31. gxf4 h6 32. fxg5 hxg5 33. h4 gxh4 34.
Nxh4 Kf6 35. Rxc8 Nxc8 36. Qc3+ Ke6 37. Ng6 Nd6 38. Nf8+ 1-0

[Event "Edmonton int."]
[Site "Edmonton CAN"]
[Date "2010.07.29"]
[Round "2"]
[White "Panchanathan, Magesh"]
[Black "Van Heirzeele, Daniel"]
[Result "1-0"]
[WhiteElo "2533"]
[BlackElo "2120"]
[PlyCount "57"]
[EventDate "2010.07.28"]
[EventType "tourn"]
[EventRounds "9"]
[EventCountry "CAN"]

1. Nf3 c5 2. e4 d6 3. d4 cxd4 4. Nxd4 Nf6 5. Nc3 g6 6. Be3 a6 7. a4 Bg7 8. Be2
O-O 9. O-O Nc6 10. Kh1 Bd7 11. f3 Rc8 12. Nxc6 Bxc6 13. Nd5 Bxd5 14. exd5 Qa5
15. c4 Qb4 16. a5 Rxc4 17. Bxc4 Qxc4 18. Rc1 Qxd5 19. Qa4 Qe6 20. Rfe1 Rc8 21.
Rxc8+ Qxc8 22. Rc1 Qe6 23. Bf2 Qf5 24. Qc2 Bh6 25. Qxf5 gxf5 26. Rc7 Nd5 27.
Rxb7 Bd2 28. Bb6 Kg7 29. Ra7 1-0

[Event "Edmonton int."]
[Site "Edmonton CAN"]
[Date "2010.07.29"]
[Round "3"]
[White "Kekelidze, Mikheil"]
[Black "Panchanathan, Magesh"]
[Result "0-1"]
[WhiteElo "2487"]
[BlackElo "2533"]
[PlyCount "112"]
[EventDate "2010.07.28"]
[EventType "tourn"]
[EventRounds "9"]
[EventCountry "CAN"]

1. d4 Nf6 2. c4 e6 3. g3 d5 4. Nf3 dxc4 5. Bg2 a6 6. Ne5 c5 7. Na3 cxd4 8.
Naxc4 Bc5 9. O-O O-O 10. e3 a5 11. exd4 Bxd4 12. Bf4 Na6 13. Nxa5 Bxb2 14. Qxd8
Rxd8 15. Rab1 Bxe5 16. Bxe5 Nd5 17. Nxb7 Bxb7 18. Rxb7 Nc5 19. Rb5 Nd3 20. Bd4
N3b4 21. Rd1 Nxa2 22. Bxd5 Rxd5 23. Rxd5 exd5 24. Bb6 Nc3 25. Rd3 Rc8 26. Ba5
d4 27. Bb6 Nb5 28. Kg2 Rc3 29. Rd2 d3 30. Rb2 Nd6 31. Bd4 Rc8 32. Rd2 Rd8 33.
Bb6 Nc4 34. Bxd8 Nxd2 35. f4 f5 36. Kf2 Nc4 37. h3 Kf7 38. g4 Ke6 39. Kf3 g6
40. Bh4 Kd5 41. Bf6 Kc5 42. gxf5 gxf5 43. Kf2 Kb4 44. Ke1 Kb3 45. Kd1 Nd6 46.
Kd2 Ne4+ 47. Kxd3 Nxf6 48. Kd4 Ng8 49. Ke5 Kc4 50. h4 Nh6 51. Kf6 Kd5 52. Kg5
Ng8 53. Kxf5 Kd6 54. Kg5 Ke6 55. h5 Kf7 56. Kf5 h6 0-1

[Event "Edmonton int."]
[Site "Edmonton CAN"]
[Date "2010.07.29"]
[Round "3"]
[White "Langer, Mikhail"]
[Black "Kraai, Jesse"]
[Result "0-1"]
[WhiteElo "2280"]
[BlackElo "2502"]
[PlyCount "80"]
[EventDate "2010.07.28"]
[EventType "tourn"]
[EventRounds "9"]
[EventCountry "CAN"]

1. e4 c6 2. d4 d5 3. exd5 cxd5 4. c4 Nf6 5. Nc3 e6 6. Nf3 Bb4 7. cxd5 Nxd5 8.
Bd2 Nc6 9. Bd3 O-O 10. O-O Be7 11. a3 Bf6 12. Qc2 g6 13. Bh6 Re8 14. Rad1 Nxc3
15. bxc3 Bd7 16. Bf4 Rc8 17. Qb2 Na5 18. Ne5 Ba4 19. Rc1 b5 20. Ng4 a6 21. Qe2
Bg7 22. Nh6+ Bxh6 23. Bxh6 Bb3 24. Qe3 Bc4 25. Bg5 f6 26. Bh4 e5 27. Rfd1 Bxd3
28. Qxd3 e4 29. Qb1 g5 30. Bg3 Qd5 31. a4 Nc4 32. axb5 axb5 33. h4 e3 34. Re1
gxh4 35. Bxh4 Re4 36. Bg3 Rce8 37. f3 R4e7 38. Re2 Rg7 39. Bf4 Nd2 40. Rxd2
exd2 0-1

[Event "Edmonton int."]
[Site "Edmonton CAN"]
[Date "2010.07.30"]
[Round "4"]
[White "Panchanathan, Magesh"]
[Black "Haessel, Dale"]
[Result "1-0"]
[WhiteElo "2533"]
[BlackElo "2243"]
[PlyCount "87"]
[EventDate "2010.07.28"]
[EventType "tourn"]
[EventRounds "9"]
[EventCountry "CAN"]

1. e4 e5 2. Nf3 Nf6 3. Nxe5 d6 4. Nf3 Nxe4 5. Nc3 Nxc3 6. dxc3 Be7 7. Be3 Nc6
8. Qd2 Be6 9. Ng5 Bxg5 10. Bxg5 Qd7 11. Be2 a6 12. h4 f6 13. Be3 O-O-O 14. h5
Ne5 15. b3 g5 16. f3 h6 17. O-O-O Rde8 18. Rde1 Rh7 19. Kb2 Rhe7 20. Bd4 Rf8
21. c4 f5 22. f4 Nc6 23. Bc3 g4 24. Bd3 Rfe8 25. g3 Bf7 26. Qh2 Rxe1 27. Rxe1
Rxe1 28. Bxe1 Ne7 29. Bc3 Qe6 30. a4 Ng8 31. Qf2 Kb8 32. c5 Bxh5 33. cxd6 cxd6
34. Qb6 Ne7 35. Bxa6 Qd7 36. Bb5 Nc6 37. Bxc6 Qxc6 38. Qd8+ Ka7 39. Bd4+ b6 40.
a5 Be8 41. Bxb6+ Kb7 42. Bd4 Bd7 43. a6+ Kxa6 44. Qb8 1-0

[Event "Edmonton int."]
[Site "Edmonton CAN"]
[Date "2010.07.30"]
[Round "4"]
[White "Pechenkin, Vladimir"]
[Black "Van Heirzeele, Daniel"]
[Result "1/2-1/2"]
[WhiteElo "2345"]
[BlackElo "2120"]
[PlyCount "65"]
[EventDate "2010.07.28"]
[EventType "tourn"]
[EventRounds "9"]
[EventCountry "CAN"]

1. f4 c5 2. Nf3 Nc6 3. g3 d6 4. Bg2 e5 5. d3 g6 6. O-O Bg7 7. Nc3 Nge7 8. e4
exf4 9. Bxf4 O-O 10. Qd2 d5 11. Rae1 d4 12. Nb5 Bg4 13. h3 Bxf3 14. Bxf3 Ne5
15. Bg2 a6 16. Na3 b5 17. g4 N7c6 18. Nb1 c4 19. Kh1 Qe7 20. a3 a5 21. Qe2 h6
22. a4 cxd3 23. cxd3 bxa4 24. Na3 Rab8 25. Rc1 Rb3 26. Rfd1 Rfb8 27. Rd2 Nb4
28. Bxe5 Bxe5 29. Rf1 Nc6 30. Rc2 Nb4 31. Rd2 Nc6 32. Rc2 Nb4 33. Rd2 1/2-1/2

[Event "Edmonton int."]
[Site "Edmonton CAN"]
[Date "2010.07.31"]
[Round "5"]
[White "Kekelidze, Mikheil"]
[Black "Pechenkin, Vladimir"]
[Result "1-0"]
[WhiteElo "2487"]
[BlackElo "2345"]
[PlyCount "81"]
[EventDate "2010.07.28"]
[EventType "tourn"]
[EventRounds "9"]
[EventCountry "CAN"]

1. d4 f5 2. g3 Nf6 3. Bg2 e6 4. c4 Be7 5. Nf3 O-O 6. O-O d6 7. b3 a5 8. Bb2 Qe8
9. Nbd2 c6 10. Ne1 Ra7 11. Nd3 Na6 12. Bc3 b6 13. e4 fxe4 14. Nxe4 Nxe4 15.
Bxe4 c5 16. d5 e5 17. f4 Bf6 18. fxe5 dxe5 19. Qe2 Bh3 20. Rfe1 g6 21. Bg2 Bxg2
22. Qxg2 Nb4 23. Nf4 Rff7 24. a3 Rae7 25. Nh3 Na6 26. Nf2 Qd7 27. Re2 a4 28. b4
b5 29. Ne4 cxb4 30. axb4 bxc4 31. Kh1 Bg7 32. Rea2 Re8 33. Rxa4 Nc7 34. Ra7 Qd8
35. d6 Ne6 36. Ra8 Qxa8 37. Rxa8 Rxa8 38. Nf6+ Bxf6 39. Qxa8+ Kg7 40. Qd5 Nd4
41. Qxc4 1-0

[Event "Edmonton int."]
[Site "Edmonton CAN"]
[Date "2010.07.31"]
[Round "5"]
[White "Langer, Mikhail"]
[Black "Panchanathan, Magesh"]
[Result "0-1"]
[WhiteElo "2280"]
[BlackElo "2533"]
[PlyCount "118"]
[EventDate "2010.07.28"]
[EventType "tourn"]
[EventRounds "9"]
[EventCountry "CAN"]

1. e4 e5 2. Nf3 Nc6 3. d4 exd4 4. Nxd4 Nf6 5. Nxc6 bxc6 6. e5 Qe7 7. Qe2 Nd5 8.
c4 Ba6 9. Nd2 g6 10. Nf3 Qb4+ 11. Kd1 Rb8 12. a3 Qb3+ 13. Qc2 Qxc2+ 14. Kxc2
Nb6 15. b3 Bg7 16. Bf4 d5 17. c5 Bxf1 18. Raxf1 Nd7 19. b4 Nf8 20. Nd4 Kd7 21.
Rb1 a6 22. g4 h5 23. h3 Re8 24. Nf3 Ne6 25. Bd2 Rh7 26. g5 Rhh8 27. Kd3 Ra8 28.
Rhc1 Rhb8 29. Ra1 a5 30. h4 Rb7 31. Ke3 Rba7 32. bxa5 Rb7 33. Bb4 Rb5 34. Rc2
Bf8 35. Rac1 Raxa5 36. Nd4 Bxc5 37. Rxc5 Rxc5 38. Rxc5 Rxc5 39. Nxe6 Rc1 40.
Nc5+ Ke8 41. f4 Rh1 42. a4 Rh3+ 43. Kf2 Rxh4 44. Kg3 Rh1 45. a5 d4 46. a6 Ra1
47. Kf3 Ra2 48. Kg3 d3 49. Nxd3 Rxa6 50. f5 gxf5 51. Kf4 h4 52. Kf3 Rb6 53. Kg2
Rb5 54. Be1 h3+ 55. Kh2 c5 56. Bg3 c4 57. Nc1 Rb3 58. Bf4 Rf3 59. Bg3 f4 0-1

[Event "Edmonton int."]
[Site "Edmonton CAN"]
[Date "2010.07.31"]
[Round "5"]
[White "Van Heirzeele, Daniel"]
[Black "Gardner, Robert"]
[Result "0-1"]
[WhiteElo "2120"]
[BlackElo "2151"]
[PlyCount "80"]
[EventDate "2010.07.28"]
[EventType "tourn"]
[EventRounds "9"]
[EventCountry "CAN"]

1. d4 Nf6 2. c4 e6 3. g3 d5 4. Nf3 dxc4 5. Bg2 b5 6. a4 c6 7. Ne5 Nd5 8. Nc3
Bb4 9. O-O Bxc3 10. e4 Bxb2 11. Bxb2 Nb6 12. axb5 cxb5 13. d5 O-O 14. Qh5 f6
15. Ng4 e5 16. f4 Bxg4 17. Qxg4 N8d7 18. fxe5 fxe5 19. Ba3 Rxf1+ 20. Rxf1 Qe8
21. Bh3 a5 22. Qh4 b4 23. Be6+ Kh8 24. Bc1 Nf8 25. Bf7 Qb8 26. Bh6 Qd6 27. Bg5
Nbd7 28. Kg2 c3 29. Qg4 b3 30. Be6 Nxe6 31. dxe6 Nf8 32. e7 Ng6 33. Rd1 Qd4 34.
Rxd4 exd4 35. Qd7 Nxe7 36. Bxe7 b2 37. Qb7 Rg8 38. Qb3 d3 39. Bg5 a4 40. Qa2
Rb8 0-1